[Event "Sao Carlos Paulista-ch op"]
[Site "Sao Carlos"]
[Date "2023.09.10"]
[Round "7"]
[White "De Arruda, Leandro Formes"]
[Black "Frois, Vitor Amorim"]
[Result "0-1"]
[WhiteElo "1980"]
[BlackElo "2169"]
[PlyCount "117"]
[EventDate "2023.09.07"]
[EventType "swiss"]
[EventRounds "7"]
[EventCountry "BRA"]
[SourceTitle "CBM 216 Extra"]
[Source "ChessBase"]
[SourceDate "2023.11.30"]
[SourceVersion "1"]
[SourceVersionDate "2023.11.30"]
[SourceQuality "1"]

1. d4 Nf6 2. c4 g6 3. Nc3 Bg7 4. e4 d6 5. Nf3 0-0 6. Be2 Nbd7 7. 0-0 e5 8. dxe5 dxe5 9. Bg5 c6 10. Qc2 Qc7 11. Rad1 Re8 12. b4 Nh5 13. g3 Nf8 14. Nh4 Bf6 15. Bxf6 Nxf6 16. Bf3 Ne6 17. Ne2 a5 18. a3 c5 19. b5 b6 20. Nc3 Nd4 21. Qd3 Be6 22. Bg2 Rad8 23. Nd5 Bxd5 24. exd5 e4 25. Qd2 Re5 26. f4 exf3 27. Nxf3 Nxf3+ 28. Bxf3 Ne8 29. Rde1 Rxe1 30. Rxe1 Nd6 31. Qf4 Re8 32. Re5 Rxe5 33. Qxe5 Qd8 34. Be2 Nf5 35. Bd3 Nd6 36. Kf2 Ne8 37. Ke3 Qd7 38. h4 f6 39. Qb8 Qe7+ 40. Kf3 Qe5 41. d6 Kf8 42. Qxb6 Nxd6 43. Qc6 Qd4 44. Qd5 Qxd5+ 45. cxd5 c4 46. Bf1 Nxb5 47. Bxc4 Nd6 48. Bd3 Ke7 49. Ke3 Nf7 50. Kd4 Kd6 51. h5 Ne5 52. hxg6 hxg6 53. Be2 f5 54. Bd1 Nd7 55. Ba4 Nf6 56. Bc6 g5 57. a4 Nh5 58. g4 fxg4 59. Ke4 0-1

[Event "Sao Carlos Paulista-ch op"]
[Site "Sao Carlos"]
[Date "2023.09.09"]
[Round "6"]
[White "Frois, Vitor Amorim"]
[Black "Gobbo, Jose Arildo Jr"]
[Result "1-0"]
[WhiteElo "2169"]
[BlackElo "1762"]
[PlyCount "87"]
[EventDate "2023.09.07"]
[EventType "swiss"]
[EventRounds "7"]
[EventCountry "BRA"]
[SourceTitle "CBM 216 Extra"]
[Source "ChessBase"]
[SourceDate "2023.11.30"]
[SourceVersion "1"]
[SourceVersionDate "2023.11.30"]
[SourceQuality "1"]

1. e4 c5 2. Nf3 Nc6 3. d4 cxd4 4. Nxd4 g6 5. c4 Nf6 6. Nc3 Nxd4 7. Qxd4 Bg7 8. Be2 0-0 9. Be3 Ng4 10. Qd2 Nxe3 11. Qxe3 Qa5 12. Rc1 d6 13. 0-0 Be6 14. b3 Rfc8 15. f4 Qb6 16. Qxb6 axb6 17. a4 Bd4+ 18. Kh1 Bd7 19. Nd5 Kf8 20. Rcd1 e5 21. Nf6 Bc6 22. Nxh7+ Ke7 23. f5 gxf5 24. exf5 f6 25. Bh5 Rg8 26. Bg6 Be8 27. Rxd4 Bxg6 28. Nxf6 exd4 29. Nxg8+ Rxg8 30. Re1+ Kd7 31. fxg6 Rxg6 32. Re4 Re6 33. Rxe6 Kxe6 34. Kg1 Ke5 35. Kf2 d5 36. cxd5 Kxd5 37. Ke2 Kc5 38. Kd3 Kb4 39. h4 Kxb3 40. h5 Kxa4 41. h6 b5 42. h7 b4 43. h8Q b3 44. Qxd4+ 1-0

[Event "Florianopolis op 6th"]
[Site "Florianopolis"]
[Date "2020.01.21"]
[Round "2"]
[White "Gonzalez, Augusto"]
[Black "Frois, Vitor Amorim"]
[Result "0-1"]
[WhiteElo "1760"]
[BlackElo "2200"]
[PlyCount "114"]
[EventDate "2020.01.20"]
[EventType "swiss"]
[EventRounds "10"]
[EventCountry "BRA"]
[SourceTitle "CBM 194 Extra"]
[Source "ChessBase"]
[SourceDate "2020.03.31"]
[SourceVersion "1"]
[SourceVersionDate "2020.03.31"]
[SourceQuality "1"]

1. d4 Nf6 2. c4 g6 3. Nc3 d5 4. cxd5 Nxd5 5. e4 Nxc3 6. bxc3 Bg7 7. Nf3 c5 8. Rb1 0-0 9. Be2 b6 10. 0-0 Bb7 11. d5 Bxc3 12. Bc4 Nd7 13. Bf4 Bg7 14. Qe2 Nf6 15. Rfd1 Qd7 16. h3 Kh8 17. Bh2 Rad8 18. Ne5 Qc8 19. Bb5 e6 20. Nc6 exd5 21. Nxd8 Rxd8 22. exd5 Nxd5 23. Be5 Qe6 24. Bxg7+ Kxg7 25. Qb2+ Qf6 26. Bc4 Rd6 27. Rd3 Qxb2 28. Rxb2 Kf6 29. f4 Ke6 30. Re2+ Kd7 31. Red2 Ke6 32. g4 f5 33. g5 Bc6 34. a4 Bb7 35. Kh2 Bc6 36. Kg3 Bb7 37. Re2+ Kd7 38. Re5 Ne7 39. Rxd6+ Kxd6 40. Re6+ Kd7 41. Rf6 Bd5 42. Bb5+ Kc7 43. Kf2 Bb3 44. Kg3 c4 45. Re6 Nd5 46. Re1 Kd6 47. Rc1 Kc5 48. Kf3 Kd4 49. Bc6 Nb4 50. Be8 Nd3 51. Rf1 c3 52. Bb5 c2 53. Bxd3 Kxd3 54. Re1 Kd2 55. Re2+ Kc3 56. Re1 Kb2 57. Re2 Kb1 0-1

[Event "Florianopolis op 5th"]
[Site "Florianopolis"]
[Date "2019.01.27"]
[Round "10"]
[White "Frois, Vitor Amorim"]
[Black "Jodorcovsky Werjivker, Paulo"]
[Result "1/2-1/2"]
[WhiteElo "2109"]
[BlackElo "2259"]
[PlyCount "157"]
[EventDate "2019.01.21"]
[EventType "swiss"]
[EventRounds "10"]
[EventCountry "BRA"]
[SourceTitle "CBM 188 Extra"]
[Source "ChessBase"]
[SourceDate "2019.02.28"]
[SourceVersion "1"]
[SourceVersionDate "2019.02.28"]
[SourceQuality "1"]

1. e4 c5 2. Nf3 e6 3. d3 d5 4. Nbd2 Nf6 5. g3 Nc6 6. Bg2 Be7 7. 0-0 0-0 8. Re1 b5 9. e5 Nd7 10. Nf1 a5 11. h4 Ba6 12. Bf4 b4 13. Ng5 Qe8 14. Qg4 Nd4 15. Ne3 Rc8 16. Rac1 a4 17. c3 bxc3 18. bxc3 Bxg5 19. Qxg5 Nc6 20. Rcd1 h6 21. Qh5 f5 22. Qe2 Nb6 23. Rb1 Rb8 24. Rec1 Qd7 25. Qd1 Rfd8 26. d4 cxd4 27. cxd4 Ne7 28. h5 Nc4 29. g4 Nb2 30. Qf3 Bd3 31. gxf5 Bxf5 32. Qg3 Kh8 33. Ra1 Rf8 34. Kh2 Nd3 35. Rg1 Nxf4 36. Qxf4 Bh7 37. Qg3 Nf5 38. Nxf5 Rxf5 39. Bh3 Rf7 40. Rac1 Rbf8 41. Rg2 Be4 42. Rcg1 Bxg2 43. Rxg2 Re7 44. Qg6 Qe8 45. Bxe6 Qxg6 46. Rxg6 Rxf2+ 47. Kg3 Rd2 48. Bxd5 Rxd4 49. Rd6 Re8 50. Bc6 Rxd6 51. exd6 Rd8 52. d7 Kg8 53. Bxa4 Kf8 54. Bb5 Ke7 55. a4 Rf8 56. Kg4 Rf2 57. Kg3 Rf5 58. Kg4 Rg5+ 59. Kh4 Kd8 60. Bc6 Kc7 61. Bb5 Rd5 62. Kg4 Re5 63. Kh4 Rg5 64. Bc6 Kd8 65. Bb5 Ke7 66. Bc6 Rc5 67. Bb5 Rd5 68. Bc6 Rd4+ 69. Kg3 Kd8 70. Kh3 Rd2 71. Kg4 Ke7 72. Bb5 Kf6 73. Bc6 Rd4+ 74. Kg3 Ke7 75. Kh3 Rc4 76. Bb5 Rd4 77. Bc6 Kd8 78. Kg3 Rd6 79. Kg4 1/2-1/2

[Event "BRA-ch Amateur U2200"]
[Site "Sao Paulo"]
[Date "2017.10.14"]
[Round "5"]
[White "Loureiro, Anderson Felix"]
[Black "Frois, Vitor Amorim"]
[Result "0-1"]
[WhiteElo "2129"]
[BlackElo "2045"]
[PlyCount "86"]
[EventDate "2017.10.12"]
[EventType "swiss"]
[EventRounds "7"]
[EventCountry "BRA"]
[SourceTitle "EXT 2019"]
[Source "ChessBase"]
[SourceDate "2018.10.10"]
[SourceVersion "1"]
[SourceVersionDate "2018.10.10"]
[SourceQuality "1"]

1. Nf3 c5 2. g3 Nc6 3. Bg2 g6 4. 0-0 Bg7 5. d3 Nf6 6. e4 d6 7. h3 0-0 8. Nc3 Rb8 9. a4 a6 10. Re1 b5 11. axb5 axb5 12. e5 Ne8 13. Bf4 Nd4 14. Nxd4 cxd4 15. exd6 Nxd6 16. Nd5 e6 17. Nb4 Rb6 18. Nc6 Qc7 19. Ra7 Rb7 20. Ra6 Re8 21. Ne7+ Qxe7 22. Bxd6 Qd8 23. Bc6 Rb8 24. Bxe8 Bxa6 25. Bxb8 Qxe8 26. Be5 Bb7 27. Bxg7 Kxg7 28. f3 Qc6 29. Kg2 f6 30. Qe2 e5 31. Ra1 Qc5 32. b4 Qc6 33. Qd1 Kg8 34. Qe2 Kf8 35. h4 Kf7 36. h5 Kg7 37. hxg6 hxg6 38. g4 g5 39. Rh1 Qe6 40. Qd2 Qxg4+ 41. Kh2 Bxf3 42. Rc1 Qh4+ 43. Kg1 Qh1+ 0-1

[Event "Sao Sebastiao do Paraiso op 1st"]
[Site "Sao Sebastiao do Paraiso"]
[Date "2017.08.20"]
[Round "5"]
[White "Frois, Vitor Amorim"]
[Black "Borges, Guilherme Deola"]
[Result "1-0"]
[WhiteElo "1993"]
[BlackElo "2204"]
[PlyCount "59"]
[EventDate "2017.08.18"]
[EventType "swiss"]
[EventRounds "6"]
[EventCountry "BRA"]
[SourceTitle "CBM 180 Extra"]
[Source "ChessBase"]
[SourceDate "2017.10.06"]
[SourceVersion "1"]
[SourceVersionDate "2017.10.06"]
[SourceQuality "1"]

1. e4 c5 2. Nf3 e6 3. d4 cxd4 4. Nxd4 a6 5. Bd3 Bc5 6. Nb3 Ba7 7. Qg4 Nf6 8. Qxg7 Rg8 9. Qh6 Nc6 10. 0-0 Ne5 11. Kh1 b5 12. h3 Bb7 13. Bf4 d6 14. N1d2 Rg6 15. Qh4 Qc7 16. Bg5 Ned7 17. e5 Rxg5 18. Qxg5 dxe5 19. Qh4 0-0-0 20. Ne4 Nd5 21. a4 f5 22. Ng5 Nf4 23. f3 Rg8 24. g3 e4 25. Qxf4 e5 26. Qxf5 exf3 27. Be4 h6 28. Bxb7+ Qxb7 29. Ne4 Rf8 30. Qxf8+ 1-0

[Event "Sao Sebastiao do Paraiso op 1st"]
[Site "Sao Sebastiao do Paraiso"]
[Date "2017.08.18"]
[Round "2"]
[White "Matsuura, Everaldo"]
[Black "Frois, Vitor Amorim"]
[Result "1-0"]
[WhiteElo "2462"]
[BlackElo "1993"]
[PlyCount "63"]
[EventDate "2017.08.18"]
[EventType "swiss"]
[EventRounds "6"]
[EventCountry "BRA"]
[SourceTitle "CBM 180 Extra"]
[Source "ChessBase"]
[SourceDate "2017.10.06"]
[SourceVersion "1"]
[SourceVersionDate "2017.10.06"]
[SourceQuality "1"]

1. e4 c5 2. Nf3 d6 3. d4 cxd4 4. Nxd4 Nf6 5. Nc3 a6 6. Be3 e6 7. f3 b5 8. Qd2 Nbd7 9. g4 Nb6 10. a4 Nc4 11. Bxc4 bxc4 12. a5 Qc7 13. Na4 Bb7 14. Nb6 Rd8 15. 0-0 e5 16. Nf5 d5 17. Rad1 d4 18. Bg5 Qc6 19. Qe2 c3 20. bxc3 Qxc3 21. Nc4 h6 22. Bh4 Bc5 23. Kg2 Bc6 24. Be1 d3 25. Rxd3 Rxd3 26. Bxc3 Rxc3 27. Ncd6+ Bxd6 28. Nxd6+ Ke7 29. Nf5+ Ke6 30. Nxg7+ Ke7 31. Nf5+ Ke6 32. Rd1 1-0

[Event "BRA-ch U16"]
[Site "Itajai"]
[Date "2017.06.02"]
[Round "3"]
[White "Frois, Vitor Amorim"]
[Black "Caetano, Ryan Wesley da Cost"]
[Result "1/2-1/2"]
[WhiteElo "2011"]
[BlackElo "1866"]
[PlyCount "78"]
[EventDate "2017.06.01"]
[EventType "swiss"]
[EventRounds "6"]
[EventCountry "BRA"]
[SourceTitle "CBM 179 Extra"]
[Source "ChessBase"]
[SourceDate "2017.08.23"]
[SourceVersion "1"]
[SourceVersionDate "2017.08.23"]
[SourceQuality "1"]

1. e4 c5 2. Nf3 d6 3. d4 cxd4 4. Nxd4 Nf6 5. Nc3 a6 6. f3 e5 7. Nb3 Be6 8. Be3 Nbd7 9. g4 Rc8 10. Qd2 b5 11. h4 Nb6 12. Bxb6 Qxb6 13. h5 h6 14. Nd5 Bxd5 15. exd5 Be7 16. Qd3 0-0 17. 0-0-0 e4 18. Qe2 exf3 19. Qxf3 Nd7 20. Bd3 Ne5 21. Qf5 Nxd3+ 22. Qxd3 Bf6 23. Nd2 Bg5 24. Kb1 Bxd2 25. Qxd2 Rfe8 26. Rhe1 Qc5 27. c3 Qc4 28. g5 Qg4 29. gxh6 Qxh5 30. hxg7 Rxe1 31. Rxe1 Rc4 32. Rg1 Rg4 33. Rxg4 Qxg4 34. b3 Kxg7 35. Kc2 f5 36. c4 Qe4+ 37. Kb2 Kg6 38. c5 Qe5+ 39. Kc2 Qe4+ 1/2-1/2

[Event "Caldas Novas op 1st"]
[Site "Caldas Novas"]
[Date "2017.03.10"]
[Round "1"]
[White "Frois, Vitor Amorim"]
[Black "Taira, Erick Hideki"]
[Result "1-0"]
[WhiteElo "2031"]
[BlackElo "1692"]
[PlyCount "145"]
[EventDate "2017.03.10"]
[EventType "swiss"]
[EventRounds "6"]
[EventCountry "BRA"]
[SourceTitle "CBM 177 Extra"]
[Source "ChessBase"]
[SourceDate "2017.04.27"]
[SourceVersion "1"]
[SourceVersionDate "2017.04.27"]
[SourceQuality "1"]

1. e4 c5 2. Nf3 Nc6 3. d4 cxd4 4. Nxd4 g6 5. c4 Bg7 6. Be3 Nf6 7. Nc3 0-0 8. Be2 d6 9. 0-0 Bd7 10. Rc1 Nxd4 11. Bxd4 Bc6 12. Bd3 a6 13. Re1 Nd7 14. Bxg7 Kxg7 15. Qd2 Nc5 16. Re3 Nxd3 17. Rxd3 Qa5 18. Rh3 h5 19. Qd4+ f6 20. a3 Bd7 21. Rg3 h4 22. Rd3 Qg5 23. Rcd1 Be6 24. b3 Rab8 25. a4 Rfc8 26. Rf1 Qc5 27. f4 Bf7 28. e5 dxe5 29. fxe5 f5 30. Re1 e6 31. Kf1 Qxd4 32. Rxd4 g5 33. Rd7 Rd8 34. Red1 Rxd7 35. Rxd7 g4 36. Ke2 Kf8 37. Ke3 Be8 38. Rd6 Kf7 39. b4 Bc6 40. g3 hxg3 41. hxg3 Ke7 42. b5 axb5 43. axb5 Bf3 44. c5 Rd8 45. Rxd8 Kxd8 46. Nb1 Kc7 47. Na3 Bd5 48. Nc2 Bc4 49. Nd4 Kd7 50. Kd2 Bd5 51. Kc3 Bg2 52. Kb4 Bf3 53. Kc4 Bd5+ 54. Kc3 Kc7 55. Ne2 Kd7 56. Nf4 Be4 57. Kb4 Bf3 58. Ka5 Be4 59. Kb6 Bf3 60. Ka7 Be4 61. c6+ bxc6 62. b6 c5 63. b7 Bxb7 64. Kxb7 c4 65. Ne2 Ke7 66. Kc6 Kf7 67. Kc5 f4 68. gxf4 c3 69. Nxc3 g3 70. Ne2 g2 71. Kd4 Kg6 72. Ke4 Kf7 73. Kf3 1-0

[Event "Florianopolis op 3rd"]
[Site "Florianopolis"]
[Date "2017.01.25"]
[Round "9"]
[White "Frois, Vitor Amorim"]
[Black "Masselli, Eduardo"]
[Result "1-0"]
[WhiteElo "1977"]
[BlackElo "1513"]
[PlyCount "67"]
[EventDate "2017.01.20"]
[EventType "swiss"]
[EventRounds "10"]
[EventCountry "BRA"]
[SourceTitle "CBM 176 Extra"]
[Source "ChessBase"]
[SourceDate "2017.03.02"]
[SourceVersion "1"]
[SourceVersionDate "2017.03.02"]
[SourceQuality "1"]

1. e4 Nf6 2. e5 Nd5 3. d4 d6 4. Nf3 dxe5 5. Nxe5 c6 6. Bc4 Nd7 7. Nf3 N7b6 8. Bb3 g6 9. 0-0 Bg7 10. c3 0-0 11. Re1 Bg4 12. Nbd2 Qc7 13. h3 Bf5 14. Ne4 Bxe4 15. Rxe4 Rfe8 16. Bg5 f6 17. Bh4 e5 18. dxe5 fxe5 19. Qc2 Kh8 20. Rae1 Nd7 21. Bg3 Rad8 22. Ng5 Kg8 23. Nf3 Bf6 24. h4 Kg7 25. h5 g5 26. Rg4 h6 27. Qg6+ Kf8 28. Qxh6+ Ke7 29. Nxg5 Rh8 30. Qg6 Rdf8 31. h6 Bxg5 32. Qxg5+ Ke6 33. Qg7 Rfg8 34. Rg6+ 1-0

[Event "Sao Paulo op 5th"]
[Site "Sao Paulo"]
[Date "2016.10.16"]
[Round "6"]
[White "Gazola, Vanessa Ramos"]
[Black "Frois, Vitor Amorim"]
[Result "1/2-1/2"]
[WhiteElo "2030"]
[BlackElo "1949"]
[PlyCount "38"]
[EventDate "2016.10.13"]
[EventType "swiss"]
[EventRounds "6"]
[EventCountry "BRA"]
[SourceTitle "CBM 175 Extra"]
[Source "ChessBase"]
[SourceDate "2016.12.12"]
[SourceVersion "1"]
[SourceVersionDate "2016.12.12"]
[SourceQuality "1"]

1. d4 Nf6 2. c4 g6 3. Nc3 d5 4. cxd5 Nxd5 5. e4 Nxc3 6. bxc3 Bg7 7. Nf3 0-0 8. Be2 c5 9. Rb1 b6 10. 0-0 Bb7 11. e5 cxd4 12. cxd4 Bd5 13. a3 Nc6 14. Be3 Qd7 15. Rc1 Qb7 16. Nd2 Na5 17. Bf3 Rac8 18. Bxd5 Qxd5 19. Qf3 Qxf3 1/2-1/2

[Event "Sao Paulo op 5th"]
[Site "Sao Paulo"]
[Date "2016.10.15"]
[Round "4"]
[White "Frois, Vitor Amorim"]
[Black "Do Prado, Hamilton Mesquita"]
[Result "1-0"]
[WhiteElo "1949"]
[BlackElo "1675"]
[PlyCount "79"]
[EventDate "2016.10.13"]
[EventType "swiss"]
[EventRounds "6"]
[EventCountry "BRA"]
[SourceTitle "CBM 175 Extra"]
[Source "ChessBase"]
[SourceDate "2016.12.12"]
[SourceVersion "1"]
[SourceVersionDate "2016.12.12"]
[SourceQuality "1"]

1. e4 c5 2. Nf3 d6 3. d4 cxd4 4. Nxd4 Nf6 5. Nc3 Nc6 6. Bc4 e6 7. Be3 Be7 8. Bb3 a6 9. Qe2 Bd7 10. 0-0-0 Na5 11. g4 Nxb3+ 12. Nxb3 Bc6 13. f3 Qc7 14. g5 Nh5 15. f4 g6 16. Rhf1 Bd7 17. f5 Qd8 18. h4 Ng3 19. Qf3 Nxf1 20. Rxf1 Qc7 21. fxg6 0-0-0 22. gxf7 Kb8 23. h5 Bf8 24. Qf6 Bb5 25. Nxb5 axb5 26. Qxh8 Qc4 27. Re1 Rc8 28. Qc3 Qa4 29. Qa5 Rc7 30. Qxa4 bxa4 31. Nd2 Rxf7 32. Rf1 Rxf1+ 33. Nxf1 Kc7 34. Kd2 Bg7 35. c3 Kc6 36. Bd4 e5 37. Be3 b6 38. Ng3 Kd7 39. Nf5 Bf8 40. g6 1-0

[Event "Sao Paulo op 5th"]
[Site "Sao Paulo"]
[Date "2016.10.13"]
[Round "1"]
[White "Frois, Vitor Amorim"]
[Black "Sztokbant, Bernardo Vainzoff"]
[Result "0-1"]
[WhiteElo "1949"]
[BlackElo "2162"]
[PlyCount "68"]
[EventDate "2016.10.13"]
[EventType "swiss"]
[EventRounds "6"]
[EventCountry "BRA"]
[SourceTitle "CBM 175 Extra"]
[Source "ChessBase"]
[SourceDate "2016.12.12"]
[SourceVersion "1"]
[SourceVersionDate "2016.12.12"]
[SourceQuality "1"]

1. e4 e5 2. Nf3 Nc6 3. Bc4 Bc5 4. b4 Bxb4 5. c3 Be7 6. d4 Na5 7. Be2 d6 8. Qa4+ c6 9. dxe5 dxe5 10. Nxe5 Nf6 11. 0-0 Qc7 12. Nf3 0-0 13. e5 b5 14. Qc2 Nd5 15. Bd3 h6 16. Nbd2 Nf4 17. Bh7+ Kh8 18. Nb3 Nxb3 19. axb3 Ne6 20. Be4 Bb7 21. c4 Nc5 22. Bb2 a5 23. Rfe1 Rfe8 24. Nd4 Qb6 25. Re3 Nxe4 26. Rxe4 bxc4 27. Rg4 Bc8 28. e6 Bf6 29. Nf3 Bxe6 30. Bxf6 Bxg4 31. Ne5 gxf6 32. Nxf7+ Kg7 33. Nxh6 Re2 34. Nf5+ Kh7 0-1

[Event "BRA-ch U16"]
[Site "Itajai"]
[Date "2016.06.11"]
[Round "4"]
[White "Crul, Otavio Augusto Barr"]
[Black "Frois, Vitor Amorim"]
[Result "1/2-1/2"]
[WhiteElo "1783"]
[BlackElo "2057"]
[PlyCount "75"]
[EventDate "2016.06.09"]
[EventType "swiss"]
[EventRounds "6"]
[EventCountry "BRA"]
[SourceTitle "CBM 172 Extra"]
[Source "ChessBase"]
[SourceDate "2016.06.21"]
[SourceVersion "1"]
[SourceVersionDate "2016.06.21"]
[SourceQuality "1"]

1. d4 Nf6 2. c4 g6 3. Nc3 d5 4. Bg5 Ne4 5. Bh4 Nxc3 6. bxc3 dxc4 7. e3 Be6 8. Be2 Bg7 9. Nh3 Bxh3 10. gxh3 0-0 11. Bxc4 c5 12. 0-0 Nc6 13. dxc5 Qa5 14. Qc2 Qxc5 15. Be2 b5 16. Rac1 Ne5 17. Rfd1 Rfd8 18. Rxd8+ Rxd8 19. Rd1 Rc8 20. Qd2 Bf6 21. Bxf6 exf6 22. Qd6 Kg7 23. Qxc5 Rxc5 24. Rd6 Rxc3 25. Bxb5 Ra3 26. Ra6 Rxa6 27. Bxa6 f5 28. Kg2 Kf6 29. f4 Nd7 30. h4 h5 31. Bc4 Nb6 32. Bb5 Nc8 33. Kf3 Nd6 34. Bc6 Ke6 35. e4 fxe4+ 36. Bxe4 Nxe4 37. Kxe4 a6 38. a4 1/2-1/2

[Event "BRA-ch U16"]
[Site "Itajai"]
[Date "2016.06.11"]
[Round "5"]
[White "Frois, Vitor Amorim"]
[Black "Klein, Luan Carlos"]
[Result "1/2-1/2"]
[WhiteElo "2057"]
[BlackElo "1699"]
[PlyCount "73"]
[EventDate "2016.06.09"]
[EventType "swiss"]
[EventRounds "6"]
[EventCountry "BRA"]
[SourceTitle "CBM 172 Extra"]
[Source "ChessBase"]
[SourceDate "2016.06.21"]
[SourceVersion "1"]
[SourceVersionDate "2016.06.21"]
[SourceQuality "1"]

1. e4 e6 2. d4 d5 3. Nc3 Nf6 4. Bg5 Bb4 5. e5 h6 6. Bd2 Bxc3 7. bxc3 Ne4 8. Bd3 Nxd2 9. Qxd2 c5 10. f4 Nc6 11. Nf3 Qa5 12. Rb1 c4 13. Be2 Qxa2 14. 0-0 Qa5 15. g4 a6 16. f5 b5 17. g5 exf5 18. g6 fxg6 19. Nh4 Ne7 20. Nxg6 Nxg6 21. Bh5 Rf8 22. Bxg6+ Kd8 23. e6 Bxe6 24. Rbe1 Rf6 25. Bxf5 Bxf5 26. Rxf5 Rxf5 27. Qe3 Rg5+ 28. Kh1 Kc8 29. Qe8+ Qd8 30. Qc6+ Kb8 31. Re8 Qxe8 32. Qxe8+ Kb7 33. Qd7+ Kb6 34. Qd6+ Kb7 35. h4 Rh5 36. Qd7+ Kb6 37. Qg4 1/2-1/2

[Event "Sao Sebastiao do Paraiso U14"]
[Site "Sao Sebastiao do Paraiso"]
[Date "2016.04.23"]
[Round "6.3"]
[White "Almeida, Gianluca Jorio"]
[Black "Frois, Vitor Amorim"]
[Result "1/2-1/2"]
[WhiteElo "1968"]
[BlackElo "2072"]
[PlyCount "46"]
[EventDate "2016.04.21"]
[EventType "swiss"]
[EventRounds "6"]
[EventCountry "BRA"]
[SourceTitle "EXT 2022"]
[Source "ChessBase"]
[SourceDate "2021.10.06"]
[SourceVersion "1"]
[SourceVersionDate "2021.10.06"]
[SourceQuality "1"]

1. c4 c5 2. Nf3 Nf6 3. e3 g6 4. d4 Bg7 5. Nc3 0-0 6. Be2 cxd4 7. exd4 d5 8. 0-0 Nc6 9. h3 Bf5 10. Be3 Rc8 11. c5 Ne4 12. Qa4 Qd7 13. Kh2 h6 14. Rad1 g5 15. Ng1 Nxc3 16. bxc3 e5 17. g3 Rfe8 18. Rfe1 Rcd8 19. Bf1 e4 20. Bb5 Be6 21. Rb1 f5 22. Bxc6 bxc6 23. Qa6 Rb8 1/2-1/2

[Event "Sao Sebastiao do Paraiso U14"]
[Site "Sao Sebastiao do Paraiso"]
[Date "2016.04.22"]
[Round "5.1"]
[White "Frois, Vitor Amorim"]
[Black "Teshima, Ricardo Yoshida"]
[Result "1/2-1/2"]
[WhiteElo "2072"]
[BlackElo "1813"]
[PlyCount "91"]
[EventDate "2016.04.21"]
[EventType "swiss"]
[EventRounds "6"]
[EventCountry "BRA"]
[SourceTitle "EXT 2022"]
[Source "ChessBase"]
[SourceDate "2021.10.06"]
[SourceVersion "1"]
[SourceVersionDate "2021.10.06"]
[SourceQuality "1"]

1. e4 e6 2. d4 d5 3. Nc3 Nf6 4. Bg5 Be7 5. e5 Nfd7 6. h4 c5 7. Bxe7 Qxe7 8. Nb5 0-0 9. Nc7 cxd4 10. Nxa8 Nxe5 11. Qxd4 Nec6 12. Qd2 b6 13. 0-0-0 Bb7 14. Bd3 Bxa8 15. Qg5 Nd7 16. Nf3 Qc5 17. h5 h6 18. Qd2 Nb4 19. Kb1 Nxd3 20. cxd3 d4 21. Qf4 e5 22. Qf5 Bxf3 23. Qxf3 a5 24. Rc1 Qb5 25. Rc7 Nc5 26. Rd1 Na4 27. Rd2 Nc3+ 28. Ka1 e4 29. Qg3 e3 30. fxe3 dxe3 31. Rc2 Nd5 32. R7c4 Nb4 33. R2c3 Nxd3 34. b3 Ne5 35. Re4 Qf1+ 36. Kb2 Nd3+ 37. Rxd3 Qxd3 38. Qxe3 Qb5 39. g4 Rc8 40. a4 Qc6 41. Rc4 Qg2+ 42. Ka3 Rxc4 43. bxc4 Qc6 44. Kb3 Kf8 45. Qf4 Kg8 46. Qe3 1/2-1/2

[Event "Florianopolis op 2nd"]
[Site "Florianopolis"]
[Date "2016.01.20"]
[Round "7"]
[White "Nery Junior, Jose Antonio"]
[Black "Frois, Vitor Amorim"]
[Result "0-1"]
[WhiteElo "2153"]
[BlackElo "1965"]
[PlyCount "89"]
[EventDate "2016.01.16"]
[EventType "swiss"]
[EventRounds "10"]
[EventCountry "BRA"]
[SourceTitle "CBM 170 Extra"]
[Source "ChessBase"]
[SourceDate "2016.02.25"]
[SourceVersion "1"]
[SourceVersionDate "2016.02.25"]
[SourceQuality "1"]

1. Nc3 c5 2. f4 d5 3. e3 Nf6 4. Bb5+ Bd7 5. Bxd7+ Nbxd7 6. Nf3 e6 7. b3 Be7 8. Bb2 Rc8 9. Ne2 b5 10. 0-0 0-0 11. Qe1 c4 12. Ne5 cxb3 13. cxb3 Ne4 14. d3 Nec5 15. Rd1 Bf6 16. Rf3 g6 17. Rh3 Nxe5 18. fxe5 Bg7 19. Nd4 a6 20. Nf3 Nd7 21. Qf2 Qe7 22. g4 f5 23. g5 Rfd8 24. Qh4 Nf8 25. Rd2 Rc7 26. Rg3 Rdc8 27. Rgg2 a5 28. Qf4 b4 29. Nd4 Qd7 30. h4 a4 31. Nc2 a3 32. Ba1 Rb7 33. Kh2 Qe7 34. Bd4 Rc6 35. Rde2 Rbc7 36. Ne1 Rc8 37. Rc2 Nd7 38. Rxc6 Rxc6 39. Rc2 Nb8 40. Re2 Qd7 41. Nc2 Bf8 42. Ba1 Na6 43. Bd4 Qc7 44. Ne1 Bg7 45. Kh3 0-1